Minecraft General Knowledge - Statistics

General Stats
  • This quiz has been taken 310 times
  • The average score is 11 of 15
Answer Stats
Hint Answer % Correct
The Boss in the End Enderdragon
97%
Tool that is used to mine ores Pickaxe
97%
Tool that is used to fight mobs Sword
96%
Dimension that has lava and fire Nether
94%
Red items, that can be used to build circuitry Redstone
91%
Name of the basic skin Steve
91%
Who made Minecraft Notch
88%
Downloadable things, that change gameplay Mods
85%
Basic skin, but with white eyes Herobrine
83%
Moving creatures (not players) Mobs
79%
Minecraft for mobile devices Pocket Edition
75%
How your character looks Skin
47%
Connect with others Multiplayer
46%
Snow biome Taiga
33%
On every update, this is almost always there RemovedHerobrine
18%
No matching quizzes found
Score Distribution
Percent of People with Each Score
Percentile by Number Answered
Your Score History
You have not taken this quiz